Mastering MATLAB (Record no. 274107)
[ view plain ]
| 000 -LEADER | |
|---|---|
| fixed length control field | 00278 a2200109 4500 |
| 001 - CONTROL NUMBER | |
| control field | 39034 |
| 082 ## - DEWEY DECIMAL CLASSIFICATION NUMBER | |
| Classification number | 519.402855369 HAN |
| 090 ## - LOCALLY ASSIGNED LC-TYPE CALL NUMBER (OCLC); LOCAL CALL NUMBER (RLIN) | |
| -- | 24636 |
| -- | 24636 |
| 100 ## - MAIN ENTRY--PERSONAL NAME | |
| Personal name | Hanselman Duane; Bruce Littlefield |
| 245 ## - TITLE STATEMENT | |
| Title | Mastering MATLAB |
| 260 ## - PUBLICATION, DISTRIBUTION, ETC. | |
| Place of publication, distribution, etc. | U S A |
| Name of publisher, distributor, etc. | Prentice Hall |
| Date of publication, distribution, etc. | 1996 |
| 942 ## - ADDED ENTRY ELEMENTS (KOHA) | |
| Institution code [OBSOLETE] | NUST-CAE |
| Call number prefix | 519.402855369 HAN |
| Withdrawn status | Lost status | Damaged status | Not for loan | Collection code | Permanent Location | Current Location | Date acquired | Total Checkouts | Full call number | Barcode | Date last seen | Price effective from | Koha item type |
|---|---|---|---|---|---|---|---|---|---|---|---|---|---|
| College of Aeronautical Engineering (CAE) | College of Aeronautical Engineering (CAE) | 04/03/2017 | 519.402855369 HAN | CAE68457 | 04/05/2017 | 04/05/2017 | Book |
